000 00417nam a2200157Ia 4500
008 230711s9999||||xx |||||||||||||| ||und||
041 _aENG
082 _a5
_bSC-A
100 _aSchalkoff,Robert J
245 0 _aArtificial intelligence an engineering approach
250 _a1st Ed.
260 _c1990
_aNew Delhi
_bTata McGraw Hill Education Limited
300 _a646
650 _aComputer Engineering
942 _cBK
999 _c1975
_d1975